00361nam a2200121Ia 4500008004000000020001800040082001600058100000600074245005100080260005100131300001000182650004700192210210b2001 xxu||||| |||| 00| 0 eng d a82 259 0160 4 a620.02 ENLI a- aENLIGHTENING SOLUTIONS to IIT-JEE (1991-2001). aNew Delhi.bMadhuban Educational Books.,c2001 a27... aEnlightening solutions IIT-JEE 1991-2001